Internet : langkah demi langkah
| Main Author: | Murugappan, Palani |
|---|---|
| Published: |
Kuala Lumput:
Venton Pub.,
1999.
|
| Subjects: |
| LEADER | 00564cam a2200157 7i4500 | ||
|---|---|---|---|
| 001 | 0000001269 | ||
| 005 | 20170218090000.0 | ||
| 020 | |a 9832031117 (pbk.) | ||
| 090 | 0 | 0 | |a TK5105.875.157 |b .M87 1999 |
| 100 | 1 | |a Murugappan, Palani | |
| 245 | 1 | 0 | |a Internet : |b langkah demi langkah |c Palani Murugappan. |
| 260 | |a Kuala Lumput: |b Venton Pub., |c 1999. | ||
| 300 | |a viii, 165 p.: |b ill.; |c 26 cm. | ||
| 650 | 0 | 0 | |a Internet (Computer network) |
| 997 | |a Communication, Visual Art & Computing, Faculty |b Computing, Department | ||
| 999 | |a 0000002057 |b BOK |c OPEN SHELF |e 2nd Floor, Bestari Jaya | ||


